Villes de la Région Pokémon de Alola sur la carte - Statistiques

Statistiques générales
  • Ce quiz a été pris 466 fois
  • Le résultat moyen est 7 sur 11
Réponses sur la Carte
Les réponses sont colorées sur une échelle allant du rouge au vert en fonction du pourcentage des utilisateurs qui les ont devinées à leur premier essai. Vous pouvez retrouver ces pourcentages ci-dessous.
 
Statistiques - réponses
Réponse % Correct
Paradis Æther
87%
Ligue Pokémon
80%
Village Flottant
76%
Ekaeka
71%
Malié
64%
Lili'i
63%
Village Toko
52%
Ho'ohale
51%
Kokohio
51%
Ohana
51%
Konikoni
43%
Aucun quiz correspondant
Distribution des résultats
% des personnes avec chaque résultat
Percentile par nombre de réponses
Votre historique - résultats
Vous n’avez pas pris ce quiz